000 00751 a2200253 4500
003 CBULib
005 20231013105915.0
008 231013b |||||||| |||| 00| 0 eng d
020 _a9780273751168
040 _bEnglish
_cCBULib
_erda
041 _aeng
050 _aBF 698.9.16 Mal
100 _aMaltby, John.
245 _aPersonality, individual differences and intelligence
_c/ by John Maltby; Liz Day and Ann Macaskill
250 _aThird edition
260 _bPearson Education,
_c2013
_aEdinburgh
300 _axxvii, 693 pages : illustrations
336 _2rdacontent
_aText |
337 _2rdamedia
_aUnmediated |
338 _2rdacarrier
_aVolume
700 _9845
_aDay, Liz
700 _9846
_aMacaskill, Ann
942 _2lcc
_c002
999 _c82972
_d82972